Calculus : (Record no. 19819)

MARC details
000 -LEADER
fixed length control field 01312cam a2200361 i 4500
001 - CONTROL NUMBER
control field 016788880
003 - CONTROL NUMBER IDENTIFIER
control field EG-ScBUE
005 - DATE AND TIME OF LATEST TRANSACTION
control field 20240930094933.0
008 - FIXED-LENGTH DATA ELEMENTS--GENERAL INFORMATION
fixed length control field 140718t2015 enka f 001 0 eng d
020 ## - INTERNATIONAL STANDARD BOOK NUMBER
International Standard Book Number 9781292062280
020 ## - INTERNATIONAL STANDARD BOOK NUMBER
International Standard Book Number 1292062282
040 ## - CATALOGING SOURCE
Original cataloging agency Uk
Language of cataloging eng
Description conventions rda
Transcribing agency Uk
Modifying agency EG-ScBUE
082 04 - DEWEY DECIMAL CLASSIFICATION NUMBER
Classification number 515
Item number BAR
Edition number 22
100 1# - MAIN ENTRY--PERSONAL NAME
Personal name Barnett, Raymond A.,
Relator term author.
9 (RLIN) 36747
245 10 - TITLE STATEMENT
Title Calculus :
Remainder of title for business, economics, life sciences, and social sciences /
Statement of responsibility, etc Raymond A. Barnett, Merritt College, Michael R. Ziegler, Marquette University, Karl E. Byleen, Marquette University ; global edition contributions by Vimal Kumar, Indian Institute of Technology Kanpur.
250 ## - EDITION STATEMENT
Edition statement Thirteenth edition.
250 ## - EDITION STATEMENT
Edition statement Global edition.
264 #1 - PUBLICATION, DISTRIBUTION, ETC. (IMPRINT)
Place of publication, distribution, etc Harlow :
Name of publisher, distributor, etc Pearson Education Limited,
Date of publication, distribution, etc [2015]
264 #1 - PUBLICATION, DISTRIBUTION, ETC. (IMPRINT)
Date of publication, distribution, etc c2015
300 ## - PHYSICAL DESCRIPTION
Extent 638 pages :
Other physical details illustrations ;
Dimensions 28 cm
336 ## - CONTENT TYPE
Source rdacontent
Content type term text
Content type code txt
337 ## - MEDIA TYPE
Source rdamedia
Media type term unmediated
Media type code n
338 ## - CARRIER TYPE
Source rdacarrier
Carrier type term volume
Carrier type code nc
500 ## - GENERAL NOTE
General note Includes index.
650 #7 - SUBJECT ADDED ENTRY--TOPICAL TERM
Topical term or geographic name as entry element Calculus.
Source of heading or term BUEsh
651 ## - SUBJECT ADDED ENTRY--GEOGRAPHIC NAME
Source of heading or term BUEsh
653 ## - INDEX TERM--UNCONTROLLED
Resource For college BAEPS, Economics
Arrived date list June2015
-- July2015
655 ## - INDEX TERM--GENRE/FORM
Form subdivision Reading book
700 1# - ADDED ENTRY--PERSONAL NAME
Personal name Ziegler, Michael R.,
Relator term author.
9 (RLIN) 36750
700 1# - ADDED ENTRY--PERSONAL NAME
Personal name Byleen, Karl E.,
Relator term author.
9 (RLIN) 36751
700 1# - ADDED ENTRY--PERSONAL NAME
Personal name Kumar, Vimal,
Relator term contributor.
942 ## - ADDED ENTRY ELEMENTS (KOHA)
Source of classification or shelving scheme Dewey Decimal Classification
Koha item type Book - Borrowing
Holdings
Withdrawn status Lost status Source of classification or shelving scheme Damaged status Not for loan Collection code Home library Current library Shelving location Date acquired Source of acquisition Cost, normal purchase price Serial Enumeration / chronology Total Checkouts Full call number Barcode Date last seen Cost, replacement price Koha item type
    Dewey Decimal Classification     Alahram Central Library Central Library First floor 22/06/2015   295.00 335   515 BAR 000038907 15/07/2025 368.75 Book - Borrowing